000 01075cam a22002897a 4500
005 20230901102233.0
008 110301s2011 inua 001 0 eng d
010 _a 2011924134
020 _a9780470421932 (pbk.)
020 _a0470421932 (pbk.)
035 _a(OCoLC)ocn298776017
040 _aBTCTA
_cBTCTA
_dYDXCP
_dUKMGB
_dVUE
_dDPL
_dVP@
_dBKX
_dG7G
_dDLC
042 _alccopycat
082 0 4 _a775
_223
_bBUC-B
100 1 _aBucher, Chris.
245 1 0 _aBlack and white digital photography /
_cChris Bucher.
260 _aIndianapolis, IN :
_bWiley Pub.,
_cc2011.
300 _a287 p. :
_bill. (some col.) ;
_c24 cm.
490 0 _aWiley's photo workshop series
500 _a"Develop your digital photography talent"--Cover.
500 _aIncludes index.
650 0 _aPhotography
_xDigital techniques.
650 0 _aBlack-and-white photography.
906 _a7
_bcbc
_ccopycat
_d2
_eepcn
_f20
_gy-gencatlg
999 _c33366
_d33366